000 00727nam a22002417a 4500
003 UA-OsUOA
001 30485
007 ta
008 20041110b un ||||| |||| 00| 0 ukr d
100 _aБоброва М. Н.
090 _a82.09(73)
_bБ72
942 _cBK
040 _aUA-OsUOA
_brus
_cUA-OsUOA
_dUA-OsUOA
245 _aРомантизм в американской литературе XIX века
_bУчеб. пособие для студентов фил. специальностей университетов
300 _a288 с.
955 _a0
041 _arus
080 _a82.09(73)
260 _aМосква
_bВысшая школа
_c1972
044 _aRU
650 7 _2UDC
999 _c316897
_d316897